00678nam a2200193Ia 4500952013000000999001700130003000400147005001700151008004100168020001500209040000900224082001800233100004100251245008600292260003600378300000800414650002000422942004200442 00102ddc40708ISLAMaMESbMEScISLd2019-02-20g50.00l0o297.63 PIC/Ap38152r2019-02-20 00:00:00w2019-02-20yBKzGL46R4 c23208d23208OSt20200512125528.0190216s9999||||xx |||||||||||||| ||und|| a8171511228 coclc a297.63bPIC/A aPickthall, Muhammad Marmaduke 92151 0aAl-Amin :b A Life-Sketch Of The Prophet Muhammed /cMarmaduke Muhammad Pickthall bKitabbhavan,c2003.aNew Delhi: a64p aIslamic History cBK2ddch297.63iPIC/Ak297.63mPIC/A